YOGA EDUCATION PHILOSOPHY AND PRACTICE (Record no. 6929)
[ view plain ]
| 000 -LEADER | |
|---|---|
| fixed length control field | 00348nam a2200133Ia 4500 |
| 008 - FIXED-LENGTH DATA ELEMENTS--GENERAL INFORMATION | |
| fixed length control field | 240624s9999 xx 000 0 und d |
| 041 ## - LANGUAGE CODE | |
| Language code of text/sound track or separate title | eng |
| 082 ## - DEWEY DECIMAL CLASSIFICATION NUMBER | |
| Classification number | 613.7046 GEO |
| 100 ## - MAIN ENTRY--PERSONAL NAME | |
| Personal name | GOEL ARUNA |
| 245 ## - TITLE STATEMENT | |
| Title | YOGA EDUCATION PHILOSOPHY AND PRACTICE |
| 260 ## - PUBLICATION, DISTRIBUTION, ETC. | |
| Date of publication, distribution, etc. | 2007 |
| Place of publication, distribution, etc. | New Delhi |
| Name of publisher, distributor, etc. | Deep & Deep |
| 300 ## - PHYSICAL DESCRIPTION | |
| Extent | xiv, : 329 : p. : cm. ; 24 |
| 365 ## - TRADE PRICE | |
| Currency code | RS |
| Price amount | 20 |
| Withdrawn status | Lost status | Damaged status | Not for loan | Home library | Current library | Shelving location | Date acquired | Source of acquisition | Cost, normal purchase price | Total Holds | Full call number | Barcode | Date last seen | Copy number | Price effective from | Koha item type |
|---|---|---|---|---|---|---|---|---|---|---|---|---|---|---|---|---|
| IMTN | IMTN | Rack 19-B | 10/24/2007 | WBD | 320.00 | 589 | 613.7046 GEO | 6929 | 06/24/2024 | 1 | 06/24/2024 | Books |